000 00641nam a2200229Ia 4500
005 20260429111906.0
008 260429s9999||||xx |||||||||||||| ||und||
020 _a9788126555734
041 _aEnglish
082 _a332.66
_bROS
100 _aRosenbaum, Joshua
245 0 _aInvestment banking :
_bvaluation, leveraged buyouts, and mergers and acquisitions /
_cJoshua Rosenbaum
250 _a2nd ed.
260 _aNew Delhi :
_bWiley,
_c2013.
300 _axxii, 457 p.; pbk
650 _a Banking
650 _a Financial economics
650 _a Investments
650 _aEconomics
700 _a Pearl, Joshua
942 _cTB
999 _c51303
_d51303